Le guide des finances de l'agriculteur (notice nᵒ 4295)
[ vue normale ]
| 000 -LEADER | |
|---|---|
| fixed length control field | 00496nam a2200169Ia 4500 |
| 008 - FIXED-LENGTH DATA ELEMENTS--GENERAL INFORMATION | |
| fixed length control field | 160105s9999 xx 000 0 und d |
| 020 ## - INTERNATIONAL STANDARD BOOK NUMBER | |
| International Standard Book Number | 2-7380-0337-0 |
| 041 ## - LANGUAGE CODE | |
| Language code of text/sound track or separate title | fre |
| 245 ## - TITLE STATEMENT | |
| Title | Le guide des finances de l'agriculteur |
| 260 ## - PUBLICATION, DISTRIBUTION, ETC. | |
| Date of publication, distribution, etc | 1991 |
| 490 ## - SERIES STATEMENT | |
| Series statement | Bien emprunter, bien placer |
| 500 ## - GENERAL NOTE | |
| General note | Cote d'origine affectée par la BC : BC_638 54/D devient ER_749 |
| 654 ## - SUBJECT ADDED ENTRY--FACETED TOPICAL TERM | |
| General subdivision | COMMUNAUTES EUROPEENNES |
| 942 ## - ADDED ENTRY ELEMENTS (KOHA) | |
| Koha item type | Ouvrage |
| 994 ## - | |
| -- | 104328 |
| Withdrawn status | Lost status | Damaged status | Use restrictions | Not for loan | Home library | Current library | Cost, normal purchase price | Shelving control number | Total Checkouts | Total Renewals | Total Holds | Full call number | Barcode | Cost, replacement price | Koha item type |
|---|---|---|---|---|---|---|---|---|---|---|---|---|---|---|---|
| Bibliothèque Centrale | Bibliothèque Centrale | 0.00 | BC_638 54/B | BC_638 54/B | 0.00 | Ouvrage | |||||||||
| Bibliothèque Centrale | Bibliothèque Centrale | 0.00 | BC_638 54/C | BC_638 54/C | 0.00 | Ouvrage | |||||||||
| Bibliothèque Centrale | Bibliothèque Centrale | 0.00 | BC_638 54/A | BC_638 54/A | 0.00 | Ouvrage | |||||||||
| Département d' Economie Rurale | Département d' Economie Rurale | 0.00 | ER_7490 | ER_7490 | 0.00 | Ouvrage |